Регионална библиотека "Любен Каравелов" - Русе

Регулиране на почвеното плодородие (Запис номер 185743)

MARC детайли
000 -Лидер
Контролно поле с фиксирана дължина 01605nam a2200361 a 4500
003 - Код на организацията, давaща контролен номер
Контролно поле BLK
005 - Дата и час на последна редакция
Контролно поле 20240306134306.0
008 - Елементи от данни с фиксирана дължина
fixed length control field 180411b bul|||||r ||||||| ||bul||
010 ## - Наследен системен номер
LC control number KNG00194737000
040 ## - Източник на каталожния запис
Идентификатор на билиотеката - собственик на записа BLK
041 ## - Код за език
Код за езика на текст/звукозапис или на отделно заглавие Български
Код за езика КДБФ Български
080 ## - УДК
Текстов определител УДК Торове. Торене. Стимулиране растежа на растенията. Растителни стимулатори
УДК код - определител по УДК 631.8
УДК - код + определител 631.8
100 1# - Редна дума - Автор
Автор Кук, Джордж
Авторска отговорност първи автор
R(LIN) 343905
139 ## - Редно поле
Редна дума Кук, Джордж
Авторски знак Ку - К 93
245 10 - Сведения за заглавието
Заглавие Регулиране на почвеното плодородие
Редно поле (дума) Джордж Кук; прев. от англ. Иван Петров Гърбучев; прев. от англ. Николай Коледаров; с послесл. от Иван Петров Гърбучев.
257 ## - Страна на издаване
Страна на създаване/издаване Съединени американски щати
260 ## - Област на издателските данни
Име на издателя, разпространителя и проч. Земиздат
Година на издаване 1968
Място на издаване, разпространение и проч. София
300 ## - Физическа характеристика
Страници 656 с.
Илюстрации и др. с черт.
Размери/Мащаб 22 см
380 ## - Жанр
Жанр Селско стопанство
500 ## - Общи забележки
Забележка 2 080 тир. - Библиогр. 610-638.
650 #4 - Допълнително описание по предмет – тема
Основно описание – тема или топоним Торове и торене
9 (RLIN) 275701
650 #7 - Допълнително описание по предмет – тема
Основно описание – тема или топоним Почви - плодородие
Източник на редна или ключова дума
9 (RLIN) 167284
700 1# - Други автори (авторска отговорност)
Лично име Гърбучев, Иван Петров
Автороска отговорност (Описва отношението между автора и произведението) прев. от англ.
9 (RLIN) 57443
700 1# - Други автори (авторска отговорност)
Лично име Коледаров, Николай
Автороска отговорност (Описва отношението между автора и произведението) прев. от англ.
9 (RLIN) 343906
700 1# - Други автори (авторска отговорност)
Лично име Гърбучев, Иван Петров
Автороска отговорност (Описва отношението между автора и произведението) с послесл. от
9 (RLIN) 57443
852 ## - Местоположение
Форматна сигнатура Цб 47908
Фондова буква Хранилище
856 4# - Електронен адрес и достъп
Електронен формат pdf - файл
856 4# - Електронен адрес и достъп
Електронен формат pdf - файл
999 ## - СИСТЕМНИ КОНТРОЛНИ НОМЕРА
Koha biblionumber 185743
Koha biblioitemnumber 185743
942 ## - АРТИКУЛИ
Вид на библиотечния материал Книги
Скрит в OPAC Не
Периодичен библиозапис Да
944 ## - СЪЗДАВАНЕ И РЕДАКЦИЯ на ЗАПИСА
Създаване/Редакция Създаване
Дата на регистрацията/редакция 31.10.2016
Служител, извършил регистрацията/редакцията 30560
Статус, дата на статуса Геновева Генчева
944 ## - СЪЗДАВАНЕ И РЕДАКЦИЯ на ЗАПИСА
Създаване/Редакция Редакция
Дата на регистрацията/редакция 31.10.2016
Служител, извършил регистрацията/редакцията Кети_Илиева
999 ## - СИСТЕМНИ КОНТРОЛНИ НОМЕРА
Koha biblioitemnumber 185743
Наличности
Код за отписване Код за изгубен артикул Източник на класификационната схема Код за повреда Коз за рестрикции Код за отдаване Артикулен № Име на библиотеката - собственик Име на библиотеката, в която се намира в момента Статус (Текущо местоположение) Дата на вписване в системата Местоположение - отдел Цена в лева Инвентарен номер Систематично азбучна сигнатура Баркод Номер на екземпляра Цена в евро Служебна бележка Служебен тип на артикула
  Не е изгубен Universal Decimal Classification Не е повреден само за читалня ползва се в читалня 322380 Регионална библиотека "Любен Каравелов" Русе Регионална библиотека "Любен Каравелов" Русе Хранилище 1968-01-01 Хранилище 3.20 46919 Цб 47908 120000046919 1 1.64 Вид: Сф Дата: 01.01.1968 Книги
Изтеглен Не е изгубен Universal Decimal Classification Не е повреден без рестрикции заемане за дома 322381 Регионална библиотека "Любен Каравелов" Русе Регионална библиотека "Любен Каравелов" Русе Заемна - подръчен фонд 1968-01-01 Заемна - подръчен фонд 3.20 47333 П 631.8/К 93 47333 2 1.64 Вид: Сф Дата: 01.01.1968 Дата инв: 06.02.2018 Бележки инв: П2018 Книги
Изтеглен Не е изгубен Universal Decimal Classification Не е повреден без рестрикции заемане за дома 322382 Регионална библиотека "Любен Каравелов" Русе Регионална библиотека "Любен Каравелов" Русе Заемна - подръчен фонд 1968-01-01 Заемна - подръчен фонд 3.20 47334 П 631.8/К 93 47334 3 1.64 Вид: Сф Дата: 01.01.1968 Дата инв: 06.02.2018 Бележки инв: П2018 Книги
Vip Innovations Ltd, Rousse, Bulgaria 2025